Представление документа в формате MARC21

Поле Инд. ПП Название Значение
Тип записи a
Библиографический уровень m
001 Контрольный номер 701f1eaf6e3a40d1a889707aa5110357
005 Дата корректировки 20240709133602.8
020 a ISBN 978-5-17-145914-7
c Цена, тираж 416-70
084 a Индекс другой классификации/Индекс ББК 81.432.1
090 a Полочн. индекс 81.432.1
c Каталожный индекс 81.432.1
x Авторский знак В 61
091 i Возрастная адресация (DOS) 12+
097 b Оператор Кондратьева; Максимова
100 1_ a Автор Вогнистая Е. В.
q Полное имя Вогнистая Елена Викторовна
245 10 a Заглавие Английский язык. Все правила с упражнениями
b Продолж. заглавия [12+]
260 a Место издания Москва
b Издательство АСТ
c Дата издания 2022
300 a Объем 352 с.
440 _0 a Серия ОК English
653 0_ a Ключевые слова английский язык
900 a Имя макрообъекта 15428251
901 t Тип документа m